banner-ar

دورة تدريبية عن المشاكل الادارية للمدن المتوسطة / (Record no. 37941)

MARC details
000 -الفاتح
حقل البيانات ثابتة الطول 00575nam a2200157Ia 4500
008 - عناصر البيانات ثابتة الطول - معلومات عامة
حقل البيانات ثابتة الطول 140319s9999 xx 000 0 ara d
040 ## - مصدر الفهرسة
وكالة الفهرسة الأصلية GCL /
وكالة النسخ GCL
082 04 - رقم تصنيف ديوى العشرى
رقم التصنيف 301.363
رقم المادة م د
100 1# - المدخل الرئيسى - إسم شخصى
الإسم الشخصى المعهد العربى لانماء المدن
245 10 - بيان العنوان
العنوان دورة تدريبية عن المشاكل الادارية للمدن المتوسطة /
بيان المسئوليه,etc المعهد العربى لانماء المدن
700 1# - المدخل الاضافى - اسم شخصى
الإسم الشخصى منظمة المدن العربية
700 1# - المدخل الاضافى - اسم شخصى
الإسم الشخصى المؤسسة الالمانية للانماء العا
300 ## - الوصف المادى
التعداد 439 ص
490 ## - بيان السلسلة
عنوان السلسلة
Holdings
حالة التراجع حالة الفقد حالة تلف ليس للاعارة المكان المؤقت الموقع الحالى تاريخ الاكتساب اجمالي اﻻعارات رقم الطلب الباركود تاريخ اخر مشاهدة تاريخ تفعيل السعر نوع وعاء كوها
        مكتبة القاهرة الكبرى مكتبة القاهرة الكبرى 03/26/2014   301.363\م د 92712 03/26/2014 03/26/2014 كتاب

Powered By

EGPV